Statistiken für Mannschaften der Regionalliga Bayern 2023/24

Klicken Sie hier um das Quiz zu spielen!

Allgemein

  • Dieses Quiz wurde 63 mal gespielt
  • Das Durchschnittsergebnis liegt bei 12 aus 18

Antwortstatistiken

Mannschaften% Korrekt
FC Würzburger Kickers
100%
FC Bayern München II⁠
97%
1. FC Nürnberg II⁠
91%
SpVgg Greuther Fürth II⁠
91%
1. FC Schweinfurt 05
81%
FC Augsburg II⁠
81%
SpVgg Bayreuth
78%
SV Viktoria Aschaffenburg
75%
FC Memmingen
69%
FC Eintracht Bamberg
66%
FV Illertissen
63%
Türkgücü München
63%
DJK Vilzing⁠
50%
SpVgg Ansbach 09
50%
SV Schalding-Heining
50%
TSV Buchbach
50%
SV Wacker Burghausen
47%
TSV Aubstadt
47%

Verteilung der Resultate

Perzentil nach korrekt beantworteten Fragen

Anzahl Personen mit jedem Resultat

Ihre Resultats-Entwicklung

Sie haben dieses Quiz noch nicht gespielt